| 000 | 01104nam a2200301Ia 4500 | ||
|---|---|---|---|
| 003 | OSt | ||
| 005 | 20221007123353.0 | ||
| 006 | a|||||r|||| 00| 0 | ||
| 007 | ta | ||
| 008 | 221006b |||||||| |||| 00| 0 eng d | ||
| 020 |
_a3540430202 (hbd) _cEuro 59.95 |
||
| 024 | _a10341 | ||
| 037 |
_bOverseas, _cTextual |
||
| 040 |
_aPAPL _cPAPL _beng |
||
| 041 |
_2eng _aeng |
||
| 082 | _aCN2, P2 | ||
| 100 |
_aHonerkamp Josef _9713751 |
||
| 245 | 0 | _aStatistical physics: an advanced approach with applications by Josef Honerkamp | |
| 250 | _aEd 2 | ||
| 260 |
_aBerlin _bSpringer-Verlag _c2002 |
||
| 300 |
_axiv, 515p _ccm. |
||
| 490 | _aAdvanced texts in physics | ||
| 500 | _aAppendix 471-472p; Bibliographical references 503-508p; Index 509-515p; ^n23/CSL/CARPA/2002-2003/532^d2002-12-06^mPurchase; ; 2002-03/594^b2003-01-03^c2553^b2002-12-30^eRs.2,721.00^fOverseas Press (India)Pvt. Ltd.; ; 2003-04-09^bSB^c2003-11-10^dRPS | ||
| 650 | _a Statistical mechanics | ||
| 650 | _aPhysics | ||
| 942 |
_hCN2, P2 _cTEXL _2CC |
||
| 999 |
_c1211774 _d1211774 |
||